Bangladesh : Poverty Reduction Strategy Paper.

Poverty Reduction Strategy Papers are prepared by member countries in broad consultation with stakeholders and development partners, including the staffs of the World Bank and the IMF. Updated with annual progress reports, they describe the countries macroeconomic, structural, and social policies in...

Celý popis

Podrobná bibliografie
Korporativní autor: International Monetary Fund. African Dept
Médium: Časopis
Jazyk:English
Vydáno: Washington, D.C. : International Monetary Fund, 2012.
Edice:IMF Staff Country Reports; Country Report ; No. 2012/293
On-line přístup:Full text available on IMF
LEADER 01623cas a2200241 a 4500
001 AALejournalIMF013155
008 230101c9999 xx r poo 0 0eng d
020 |c 5.00 USD 
020 |z 9781475557053 
022 |a 1934-7685 
040 |a BD-DhAAL  |c BD-DhAAL 
110 2 |a International Monetary Fund.  |b African Dept. 
245 1 0 |a Bangladesh :   |b Poverty Reduction Strategy Paper. 
264 1 |a Washington, D.C. :  |b International Monetary Fund,  |c 2012. 
300 |a 1 online resource (307 pages) 
490 1 |a IMF Staff Country Reports 
500 |a <strong>Off-Campus Access:</strong> No User ID or Password Required 
500 |a <strong>On-Campus Access:</strong> No User ID or Password Required 
506 |a Electronic access restricted to authorized BRAC University faculty, staff and students 
520 3 |a Poverty Reduction Strategy Papers are prepared by member countries in broad consultation with stakeholders and development partners, including the staffs of the World Bank and the IMF. Updated with annual progress reports, they describe the countries macroeconomic, structural, and social policies in support of growth and poverty reduction, as well as associated external financing needs and major sources of financing. This country document for Bangladesh is being available on the IMF website by agreement of the member country as a service to users of the IMF website. 
538 |a Mode of access: Internet 
830 0 |a IMF Staff Country Reports; Country Report ;  |v No. 2012/293 
856 4 0 |z Full text available on IMF  |u http://elibrary.imf.org/view/journals/002/2012/293/002.2012.issue-293-en.xml  |z IMF e-Library